000 00860nas a2200241 4500
001 BR8200398
003 BR-BrBNA
005 20231205084958.0
007 ta
008 230509b bl.|||p| |||| 00| 00por d
040 _aBR-BrBNA
_bpor
_cBiblioteca Nacional de Agricultura
041 _a(Pt)
072 _aP05
100 1 _aCosta, R.V. da
111 1 _a2. Simposio de Energia do Hemisferio Ocidental
_cRio de Janeiro, RJ (Brazil)
_d22 Sep 1980
245 1 _aA transicao energetica: tempo, capital e tecnologia [Recurso energetico]
246 1 _a[Energy transition: time, capital and technology [Energy resource]]
650 _aRecurso energetico
650 _aEnergia
773 0 _tRevista Economica do Nordeste (Brazil)
_xISSN 0100-4956
_g(Jul 1981), v. 12(3) p. 573-581
_wBR8200398
909 _a202311
_bLúcia
_c55
_dLúcia Elande
942 _2AGRIS
_n0
_cANA
999 _c108497
_d108497